000 00603nam a2200193 i 4500
001 147576
003 ES-MaACL
005 20260201162050.0
007 t|
008 071003s1933 sp ||||1| spa d
100 1 _aUranga, Francisco.
_9112056
245 1 0 _aGanado mular y asnal /
_cpor Francisco Uranga.
260 _aMadrid :
_bManuel Marin y G. Campo,
_c1933.
300 _a219 p. :
_bil. ;
_c15 cm.
490 1 _aBca. Agropecuaria. Fuentes de Riqueza, 8
830 0 _aBiblioteca agropecuaria. Fuentes de riqueza
_9233049
852 _aES-MaACL
_jC-14557
999 _c147576
_d147576